comparison of the role of men and women in community based natural resources management between kohkos and tipou communes, santuk district kompong thom province (ការប្រៀបធៀបតួនាទីបុរស និង ស្ត្រីនោក្នុងសហគមន៍គ្រប់គ្រងធនធានធម្មជាតិ ឃុំកកោះ និង ឃុំទីពោរ ស្រុកសន្ទុក ខេត្តកំពង់ធំ) (Record no. 3342)
[ view plain ]
| 000 -LEADER | |
|---|---|
| fixed length control field | 00851nam a22001577a 4500 |
| 003 - CONTROL NUMBER IDENTIFIER | |
| control field | OSt |
| 005 - DATE AND TIME OF LATEST TRANSACTION | |
| control field | 20151112103740.0 |
| 008 - FIXED-LENGTH DATA ELEMENTS--GENERAL INFORMATION | |
| fixed length control field | 151112b xxu||||| |||| 00| 0 eng d |
| 040 ## - CATALOGING SOURCE | |
| Transcribing agency | RUA |
| 082 ## - DEWEY DECIMAL CLASSIFICATION NUMBER | |
| Classification number | FOR KIM 2004 B130 Or.1 |
| 100 ## - MAIN ENTRY--PERSONAL NAME | |
| 9 (RLIN) | 3589 |
| Personal name | KIM, MAKARA. |
| 245 ## - TITLE STATEMENT | |
| Title | comparison of the role of men and women in community based natural resources management between kohkos and tipou communes, santuk district kompong thom province (ការប្រៀបធៀបតួនាទីបុរស និង ស្ត្រីនោក្នុងសហគមន៍គ្រប់គ្រងធនធានធម្មជាតិ ឃុំកកោះ និង ឃុំទីពោរ ស្រុកសន្ទុក ខេត្តកំពង់ធំ) |
| 260 ## - PUBLICATION, DISTRIBUTION, ETC. (IMPRINT) | |
| Place of publication, distribution, etc. | Phnom Penh |
| Name of publisher, distributor, etc. | RUA |
| Date of publication, distribution, etc. | 2004 |
| 300 ## - PHYSICAL DESCRIPTION | |
| Extent | ix, 46p. |
| Other physical details | ill. |
| Dimensions | 29cm. |
| 942 ## - ADDED ENTRY ELEMENTS (KOHA) | |
| Source of classification or shelving scheme | |
| Koha item type | FOR |
| Price effective from | Date last seen | Permanent Location | Not for loan | Date acquired | Source of classification or shelving scheme | Koha item type | Lost status | Withdrawn status | Date last checked out | Total Checkouts | Shelving location | Damaged status | Barcode | Current Location | Full call number |
|---|---|---|---|---|---|---|---|---|---|---|---|---|---|---|---|
| 2015-11-12 | 2023-08-22 | Library Block B | 2015-11-12 | FOR | 2023-07-19 | 1 | B130 | RUA028292 | Library Block B | FOR KIM 2004 B130 Or.1 | |||||
| 2015-11-12 | 2023-07-03 | Library Block B | 2015-11-12 | FOR | 2023-06-05 | 1 | B130 | RUA028945 | Library Block B | FOR KIM 2004 B130 Or.2 | |||||
| 2015-11-12 | 2023-01-27 | Library Block B | 2015-11-12 | FOR | 2023-01-20 | 1 | B130 | RUA026093 | Library Block B | FOR KIM 2004 B130 Or.3 | |||||
| 2015-11-12 | 2023-02-17 | Library Block B | 2015-11-12 | FOR | 2023-01-24 | 1 | B130 | RUA010263 | Library Block B | FOR KIM 2004 B130 Or.4 | |||||
| 2015-11-12 | 2015-11-12 | Library Block B | 2015-11-12 | FOR | B130 | RUA028400 | Library Block B | FOR KIM 2004 B130 Or.5 | |||||||
| 2015-11-12 | 2015-11-12 | Library Block B | 2015-11-12 | FOR | B130 | RUA028472 | Library Block B | FOR KIM 2004 B130 Or.6 |